000 01348nam a2200361 i 4500
003 EG-GICUC
005 20260124130242.0
008 260124s1912 fr ||||fr|||| 000 0 fre d
040 _aEG-GiCUC
_bfre
_cEG-GiCUC
_dEG-GiCUC
_eRda
041 _afre
082 0 4 _221
_a341.33
_bPI . M
092 0 4 _221
099 _aLaw1 11 341.33 PI . M 1912
100 1 _aPillaut, Julien
_eAuteur
245 _aManuel Droit Consulaire :
_b (Matières Spéciales) /
_cPar Julien Pillaut.
250 _aTroisième Édition
264 1 _aParis :
_bBerger-levrault,
_c1912.
300 _a399 page ;
_c 24 cm.
_billustration ;
336 _2rda contenu
_a texte
337 _2rda medias
_aOrdinateur
338 _2 transporteur rda
_a Ressource en ligne
505 _aAffaires Maritimes. Police Sanitaire Intervention Des Consuls Dans L'administration De La Justice Pouvoirs De Police En Pays De Juridiction Concessions En Chine. Groupement Des Français Résidant À L'étranger, Etc.
546 _aTexte en français
650 1 4 _aDiplomatie
_2qrmak
650 1 4 _a Corps diplomatique
_2qrmak
650 1 4 _a Droit international
_2qrmak
650 1 4 _aDroit de la mer
_2qrmak
651 1 _2qrmak
700 1 _aRenault, Louis
_ePréfacier
856 4 0 _uhttps://fll.law.cu.edu.eg/fulltext/bks/B11-06875.pdf
905 _a79
942 _2ddc
_cBK
_e21
_n0
999 _c58861
_d58861